[Event "Sao Paulo Karman Cup"]
[Site "Sao Paulo"]
[Date "2019.08.16"]
[Round "1"]
[White "Correa, Joao Pedro Vieira"]
[Black "Pessoa Sob, Caetano Estelita C"]
[Result "1-0"]
[WhiteElo "1604"]
[BlackElo "1131"]
[PlyCount "56"]
[EventDate "2019.08.16"]
[EventType "swiss"]
[EventRounds "6"]
[EventCountry "BRA"]
[SourceTitle "EXT 2020"]
[Source "ChessBase"]
[SourceDate "2019.10.17"]
[SourceVersion "1"]
[SourceVersionDate "2019.10.17"]
[SourceQuality "1"]

1. e4 c5 2. Nf3 d6 3. Bb5+ Bd7 4. Bxd7+ Nxd7 5. 0-0 e5 6. c3 Be7 7. d4 Ngf6 8. Qe2 h6 9. Rd1 0-0 10. dxe5 Nh7 11. exd6 Bg5 12. Nxg5 Nxg5 13. f4 Nh7 14. e5 Re8 15. Nd2 Nhf6 16. Nf3 Qb6 17. Qc4 Ng4 18. h3 Ngxe5 19. fxe5 Rxe5 20. Nxe5 Nxe5 21. Qd5 Nd7 22. b3 c4+ 23. Qd4 cxb3 24. axb3 Qxb3 25. Bf4 b6 26. Qe4 Rf8 27. Qe7 Qe6 28. Rxa7 Qb3 1-0

[Event "Sao Paulo Karman Cup"]
[Site "Sao Paulo"]
[Date "2019.08.16"]
[Round "2"]
[White "Pessoa Sob, Caetano Estelita C"]
[Black "Costa, Iaggo Bernini"]
[Result "0-1"]
[WhiteElo "1131"]
[BlackElo "1534"]
[PlyCount "44"]
[EventDate "2019.08.16"]
[EventType "swiss"]
[EventRounds "6"]
[EventCountry "BRA"]
[SourceTitle "EXT 2020"]
[Source "ChessBase"]
[SourceDate "2019.10.17"]
[SourceVersion "1"]
[SourceVersionDate "2019.10.17"]
[SourceQuality "1"]

1. d4 Nf6 2. c4 g6 3. Nc3 d5 4. Nf3 Bg7 5. cxd5 Nxd5 6. e4 Nxc3 7. bxc3 c5 8. Bc4 Nc6 9. Be3 cxd4 10. cxd4 0-0 11. 0-0 Bg4 12. Rb1 Bxf3 13. gxf3 Qd7 14. Bb5 a6 15. Bxc6 Qxc6 16. Qd2 Rad8 17. Rfc1 Qd7 18. Rc5 b5 19. Rd5 Qh3 20. Rxd8 Rxd8 21. Re1 Qxf3 22. Qa5 Qg4+ 0-1

[Event "Sao Paulo STD Gansl op"]
[Site "Sao Paulo"]
[Date "2019.05.26"]
[Round "6"]
[White "Ferreira, Wagner Maria Gangin"]
[Black "Pessoa Sob, Caetano Estelita C"]
[Result "1-0"]
[WhiteElo "1206"]
[BlackElo "1128"]
[PlyCount "72"]
[EventDate "2019.05.24"]
[EventType "swiss"]
[EventRounds "6"]
[EventCountry "BRA"]
[SourceTitle "CBM 190 Extra"]
[Source "ChessBase"]
[SourceDate "2019.07.15"]
[SourceVersion "1"]
[SourceVersionDate "2019.07.15"]
[SourceQuality "1"]

1. d4 Nf6 2. Nf3 d5 3. Bf4 Bf5 4. Nbd2 e6 5. e3 Nbd7 6. h3 Be7 7. c4 c5 8. Qb3 b6 9. Bd3 Ne4 10. Bxe4 Bxe4 11. Nxe4 dxe4 12. Ne5 0-0 13. Rd1 Rc8 14. 0-0 Nxe5 15. Bxe5 Qe8 16. dxc5 Bxc5 17. Bd6 Bxd6 18. Rxd6 Qe7 19. Rfd1 Rfd8 20. Rxd8+ Rxd8 21. Rxd8+ Qxd8 22. Qa4 Qe7 23. Qc6 f5 24. g3 Kf7 25. h4 h5 26. a3 g5 27. hxg5 Qxg5 28. Qc7+ Qe7 29. Qxe7+ Kxe7 30. Kh2 a5 31. b4 axb4 32. axb4 Kd6 33. Kh3 e5 34. Kh4 f4 35. gxf4 exf4 36. Kxh5 b5 1-0

[Event "Sao Paulo STD Gansl op"]
[Site "Sao Paulo"]
[Date "2019.05.26"]
[Round "5"]
[White "Zmetek, Marcos Simao"]
[Black "Pessoa Sob, Caetano Estelita C"]
[Result "1-0"]
[WhiteElo "1297"]
[BlackElo "1128"]
[PlyCount "71"]
[EventDate "2019.05.24"]
[EventType "swiss"]
[EventRounds "6"]
[EventCountry "BRA"]
[SourceTitle "CBM 190 Extra"]
[Source "ChessBase"]
[SourceDate "2019.07.15"]
[SourceVersion "1"]
[SourceVersionDate "2019.07.15"]
[SourceQuality "1"]

1. e4 c5 2. c3 Nc6 3. d4 cxd4 4. cxd4 Qb6 5. Nf3 Nf6 6. Nc3 e6 7. e5 Ng8 8. Be2 Bb4 9. 0-0 Bxc3 10. bxc3 Nge7 11. Qc2 a6 12. Be3 Nf5 13. Bf4 Nce7 14. Rab1 Qc7 15. h3 Nd5 16. Bd2 b5 17. Rfc1 0-0 18. Bd3 Qa7 19. g4 Nxd4 20. cxd4 Bb7 21. Bxh7+ Kh8 22. Be4 Rac8 23. Qd1 Rxc1 24. Rxc1 Nc3 25. Rxc3 Bxe4 26. Bf4 Qb7 27. Kh2 b4 28. Re3 Bd5 29. Qe2 Rc8 30. Kg3 Rc4 31. Ng5 Rxd4 32. Nxf7+ Kg8 33. Nd6 Qc6 34. g5 Bc4 35. Qh5 Qh1 36. Qe8+ 1-0

[Event "Sao Paulo STD Gansl op"]
[Site "Sao Paulo"]
[Date "2019.05.25"]
[Round "4"]
[White "Pessoa Sob, Caetano Estelita C"]
[Black "Maraz, Ricardo"]
[Result "0-1"]
[WhiteElo "1128"]
[BlackElo "1568"]
[PlyCount "72"]
[EventDate "2019.05.24"]
[EventType "swiss"]
[EventRounds "6"]
[EventCountry "BRA"]
[SourceTitle "CBM 190 Extra"]
[Source "ChessBase"]
[SourceDate "2019.07.15"]
[SourceVersion "1"]
[SourceVersionDate "2019.07.15"]
[SourceQuality "1"]

1. d4 Nf6 2. c4 e6 3. Nf3 d5 4. e3 a6 5. Bd3 dxc4 6. Bxc4 b5 7. Bd3 Bb7 8. 0-0 Bd6 9. h3 Nbd7 10. Qc2 Bxf3 11. gxf3 e5 12. e4 c5 13. dxe5 Nxe5 14. Be2 Ng6 15. Bg5 h6 16. Bd2 0-0 17. Rd1 Qc7 18. Nc3 Rfe8 19. Bxb5 axb5 20. Nxb5 Bh2+ 21. Kf1 Qb6 22. a4 Red8 23. Be3 Rac8 24. Rxd8+ Qxd8 25. Rd1 Qe7 26. Nd4 Qe5 27. Nf5 Bf4 28. Bd4 Qc7 29. Nxh6+ Bxh6 30. Bxf6 gxf6 31. Rd5 Nf4 32. Rd2 Nxh3 33. Rd5 Nf4 34. Rf5 Qd6 35. b4 Rd8 36. Rxc5 Qd1+ 0-1

[Event "Sao Paulo STD Gansl op"]
[Site "Sao Paulo"]
[Date "2019.05.24"]
[Round "2"]
[White "Nobre, Jose Adalberto Barb"]
[Black "Pessoa Sob, Caetano Estelita C"]
[Result "1-0"]
[WhiteElo "1609"]
[BlackElo "1128"]
[PlyCount "27"]
[EventDate "2019.05.24"]
[EventType "swiss"]
[EventRounds "6"]
[EventCountry "BRA"]
[SourceTitle "CBM 190 Extra"]
[Source "ChessBase"]
[SourceDate "2019.07.15"]
[SourceVersion "1"]
[SourceVersionDate "2019.07.15"]
[SourceQuality "1"]

1. e4 c5 2. Nc3 Nc6 3. f4 e6 4. Nf3 d5 5. exd5 exd5 6. Bb5 Bd7 7. Nxd5 a6 8. Qe2+ Nge7 9. Bxc6 Bxc6 10. Ne3 Bb5 11. d3 Bd7 12. 0-0 Qb6 13. Nd5 Qe6 14. Nc7+ 1-0

[Event "Sao Paulo STD Gansl op"]
[Site "Sao Paulo"]
[Date "2019.05.24"]
[Round "1"]
[White "Pessoa Sob, Caetano Estelita C"]
[Black "Sato, Claudio Takeshi"]
[Result "1/2-1/2"]
[WhiteElo "1128"]
[BlackElo "1610"]
[PlyCount "149"]
[EventDate "2019.05.24"]
[EventType "swiss"]
[EventRounds "6"]
[EventCountry "BRA"]
[SourceTitle "CBM 190 Extra"]
[Source "ChessBase"]
[SourceDate "2019.07.15"]
[SourceVersion "1"]
[SourceVersionDate "2019.07.15"]
[SourceQuality "1"]

1. d4 e6 2. e4 d5 3. Nc3 dxe4 4. Nxe4 Bd7 5. Nf3 Bc6 6. Bd3 Bxe4 7. Bxe4 c6 8. 0-0 Nf6 9. Qd3 Bd6 10. Bg5 Nbd7 11. Ne5 Nxe5 12. dxe5 Bxe5 13. Qb3 Qc7 14. Bxf6 gxf6 15. Qh3 0-0-0 16. Rad1 f5 17. Rxd8+ Qxd8 18. Bxf5 Qf6 19. Be4 Bxb2 20. Qf3 Qxf3 21. Bxf3 Kc7 22. Rd1 e5 23. Bg4 h5 24. Rd7+ Kb6 25. Bf5 Rf8 26. a4 a5 27. h4 Bd4 28. Kf1 Ka6 29. g4 hxg4 30. Bxg4 f5 31. Be2+ Kb6 32. h5 Rh8 33. f4 Rg8 34. Bd3 Rg1+ 35. Ke2 Rh1 36. fxe5 Bxe5 37. Rh7 f4 38. Bg6 Ra1 39. Re7 Bf6 40. Re4 Bg5 41. Kf3 Ra3+ 42. Kg4 Rg3+ 43. Kf5 f3 44. Re1 f2 45. Rf1 Be3 46. h6 Bd4 47. Bh5 Rg1 48. Be2 Rg8 49. Ke4 c5 50. c3 Bxc3 51. Rxf2 Bd4 52. Rh2 Bh8 53. Bb5 Rg4+ 54. Kf5 Rg3 55. h7 Kc7 56. Rd2 Rg7 57. Ke6 Rxh7 58. Rd7+ Rxd7 59. Bxd7 c4 60. Bb5 c3 61. Bd3 Kb6 62. Kd5 Kc7 63. Kc4 b6 64. Be4 Kd6 65. Bc2 Be5 66. Be4 Ke6 67. Kd3 Kf6 68. Kc2 Kg5 69. Bd3 Kf4 70. Bh7 Ke3 71. Bd3 Kd4 72. Ba6 Kc5 73. Be2 Kb4 74. Bb5 Bd4 75. Be8 1/2-1/2

[Event "Sao Paulo Haroldo Salles op"]
[Site "Sao Paulo"]
[Date "2019.05.11"]
[Round "5.20"]
[White "Pessoa Sob, Caetano Estelita C"]
[Black "Brujin, Homero"]
[Result "0-1"]
[WhiteElo "1128"]
[BlackElo "1493"]
[PlyCount "90"]
[EventDate "2019.05.09"]
[EventType "swiss"]
[EventRounds "6"]
[EventCountry "BRA"]
[SourceTitle "EXT 2022"]
[Source "ChessBase"]
[SourceDate "2021.10.06"]
[SourceVersion "1"]
[SourceVersionDate "2021.10.06"]
[SourceQuality "1"]

1. d4 Nf6 2. c4 c5 3. d5 b5 4. cxb5 a6 5. bxa6 Bxa6 6. Nc3 d6 7. f4 g6 8. Nf3 Bg7 9. e4 Bxf1 10. Rxf1 0-0 11. e5 dxe5 12. fxe5 Ng4 13. Bf4 Nd7 14. d6 exd6 15. Qxd6 Re8 16. h3 Ngxe5 17. 0-0-0 Re6 18. Qxc5 Nxc5 19. Rxd8+ Rxd8 20. Nxe5 Bxe5 21. g3 Bxf4+ 22. gxf4 Rde8 23. f5 Re1+ 24. Rxe1 Rxe1+ 25. Kd2 Rh1 26. fxg6 fxg6 27. b4 Nd7 28. a4 Rxh3 29. a5 Rh1 30. a6 Ra1 31. b5 Nc5 32. Ke3 Nxa6 33. bxa6 Rxa6 34. Kf4 Kg7 35. Ke5 h5 36. Ne4 h4 37. Ng5 Kh6 38. Nh3 g5 39. Nf2 Kh5 40. Kf5 Ra5+ 41. Ke4 g4 42. Ke3 h3 43. Kf4 Ra4+ 44. Kg3 Ra3+ 45. Kf4 Rf3+ 0-1

[Event "Sao Paulo Haroldo Salles op"]
[Site "Sao Paulo"]
[Date "2019.05.10"]
[Round "4.16"]
[White "Barreto, Michael Fernando Al"]
[Black "Pessoa Sob, Caetano Estelita C"]
[Result "1-0"]
[WhiteElo "1688"]
[BlackElo "1128"]
[PlyCount "91"]
[EventDate "2019.05.09"]
[EventType "swiss"]
[EventRounds "6"]
[EventCountry "BRA"]
[SourceTitle "EXT 2022"]
[Source "ChessBase"]
[SourceDate "2021.10.06"]
[SourceVersion "1"]
[SourceVersionDate "2021.10.06"]
[SourceQuality "1"]

1. e4 c5 2. Nf3 d6 3. d4 cxd4 4. Nxd4 Nf6 5. Nc3 a6 6. Be2 e5 7. Nb3 Be6 8. Be3 Be7 9. 0-0 0-0 10. Kh1 b5 11. a3 Nc6 12. Qd2 Bc4 13. Rad1 Bxe2 14. Qxe2 Nd7 15. Nd5 Rb8 16. Qd2 Nc5 17. Bxc5 dxc5 18. Nxe7+ Qxe7 19. Qd6 Qxd6 20. Rxd6 Nd4 21. Nxd4 exd4 22. Rxa6 c4 23. Rd1 Rfd8 24. Rc6 d3 25. cxd3 Rxd3 26. Rxd3 cxd3 27. Rd6 Rc8 28. g3 Kf8 29. Rxd3 Rc2 30. Rb3 Rxf2 31. Rxb5 g6 32. a4 f5 33. exf5 gxf5 34. a5 h5 35. a6 Rf1+ 36. Kg2 Ra1 37. Rb8+ Ke7 38. Rb7+ Kd6 39. a7 Kc6 40. Rh7 Kb6 41. Kh3 f4 42. gxf4 Kc6 43. Kh4 Kd6 44. Kxh5 Ke6 45. b4 Ra6 46. Rh6+ 1-0

[Event "Sao Paulo Haroldo Salles op"]
[Site "Sao Paulo"]
[Date "2019.05.09"]
[Round "2.8"]
[White "Da Conceicao, Daniel Firmino"]
[Black "Pessoa Sob, Caetano Estelita C"]
[Result "1-0"]
[WhiteElo "1762"]
[BlackElo "1128"]
[PlyCount "59"]
[EventDate "2019.05.09"]
[EventType "swiss"]
[EventRounds "6"]
[EventCountry "BRA"]
[SourceTitle "EXT 2022"]
[Source "ChessBase"]
[SourceDate "2021.10.06"]
[SourceVersion "1"]
[SourceVersionDate "2021.10.06"]
[SourceQuality "1"]

1. e4 c5 2. Nf3 d6 3. Bb5+ Nd7 4. c3 e5 5. 0-0 Be7 6. d4 a6 7. Ba4 b5 8. Bb3 h6 9. Qe2 g5 10. Rd1 g4 11. Ne1 h5 12. a4 Bb7 13. axb5 axb5 14. Rxa8 Bxa8 15. Qxb5 Qb6 16. Na3 Bc6 17. Qe2 Bg5 18. Bxg5 Qxb3 19. Nb5 Qxc3 20. Nxd6+ Kf8 21. dxe5 Qxe5 22. Nf5 f6 23. Bc1 Rh7 24. Qa6 Qc7 25. g3 Ne5 26. Bf4 Rd7 27. Bxe5 fxe5 28. Rxd7 Qxd7 29. Qc4 Qa7 30. Qe6 1-0

[Event "Sao Paulo Haroldo Salles op"]
[Site "Sao Paulo"]
[Date "2019.05.09"]
[Round "1.12"]
[White "Pessoa Sob, Caetano Estelita C"]
[Black "Jenidarchiche, Douglas Rodrigo"]
[Result "1-0"]
[WhiteElo "1128"]
[BlackElo "1731"]
[PlyCount "101"]
[EventDate "2019.05.09"]
[EventType "swiss"]
[EventRounds "6"]
[EventCountry "BRA"]
[SourceTitle "EXT 2022"]
[Source "ChessBase"]
[SourceDate "2021.10.06"]
[SourceVersion "1"]
[SourceVersionDate "2021.10.06"]
[SourceQuality "1"]

1. d4 Nf6 2. c4 g6 3. Nc3 Bg7 4. Nf3 d6 5. e4 0-0 6. Be2 c6 7. 0-0 Nbd7 8. Be3 e5 9. d5 Qc7 10. Rc1 Ng4 11. Bd2 a5 12. h3 Ngf6 13. a4 Nc5 14. Be3 Nfxe4 15. Nxe4 Nxe4 16. Ng5 Nxg5 17. Bxg5 f6 18. Be3 f5 19. c5 f4 20. cxd6 Qf7 21. Bb6 Bh6 22. Bf3 Ra6 23. dxc6 Rxb6 24. Bd5 Be6 25. Bxe6 Qxe6 26. d7 Rxc6 27. Rxc6 Qxc6 28. d8Q Rxd8 29. Qxd8+ Bf8 30. Qxa5 e4 31. Qe5 e3 32. fxe3 fxe3 33. Kh1 Bc5 34. Rc1 b6 35. b4 Qd6 36. Qe8+ Kg7 37. bxc5 Qd2 38. Qe5+ Kh6 39. Qc3 Qf2 40. cxb6 e2 41. Qd2+ Kh5 42. Qe1 Qxb6 43. Qxe2+ Kh6 44. Qb5 Qe3 45. Qc5 Qf4 46. a5 g5 47. a6 g4 48. hxg4 Qxg4 49. Qd6+ Kh5 50. Rc5+ Kh4 51. Qh2+ 1-0

[Event "Paulista-ch"]
[Site "Sao Paulo"]
[Date "2018.11.11"]
[Round "5"]
[White "Pessoa Sob, Caetano Estelita C"]
[Black "De Sousa, Rafaela Oliveira"]
[Result "1-0"]
[WhiteElo "1107"]
[BlackElo "1149"]
[PlyCount "131"]
[EventDate "2018.11.09"]
[EventType "swiss"]
[EventRounds "6"]
[EventCountry "BRA"]
[SourceTitle "CBM 187 Extra"]
[Source "ChessBase"]
[SourceDate "2018.11.04"]
[SourceVersion "1"]
[SourceVersionDate "2018.11.04"]
[SourceQuality "1"]

1. d4 Nf6 2. c4 d6 3. Nf3 g6 4. Nc3 Bg7 5. Bg5 0-0 6. e4 Bg4 7. Be2 Nc6 8. 0-0 Bxf3 9. Bxf3 e5 10. d5 Nd4 11. h3 h6 12. Bh4 c6 13. Qd3 cxd5 14. cxd5 g5 15. Bg3 a6 16. Bd1 Rb8 17. a4 Qb6 18. Rb1 Nd7 19. Kh1 Nc5 20. Qc4 Ndb3 21. a5 Nd2 22. Qe2 Qxa5 23. b4 Qc7 24. bxc5 Nxb1 25. Nxb1 Qxc5 26. Qc2 Qb5 27. Be2 Qb6 28. Na3 Rbc8 29. Nc4 Qc5 30. Rc1 b5 31. Ne3 Qxc2 32. Rxc2 Rxc2 33. Nxc2 f5 34. f3 f4 35. Be1 Rc8 36. Bd3 h5 37. Kg1 Kf7 38. Kf2 Kf6 39. Ke2 g4 40. Bb4 Bf8 41. Ba5 Kg5 42. fxg4 hxg4 43. hxg4 Kxg4 44. Be1 Be7 45. Kd1 Rh8 46. Be2+ Kg5 47. Nb4 Kf6 48. Nxa6 Rh2 49. Bf3 Bd8 50. Kc2 Rh1 51. Bf2 Ba5 52. Nb8 Be1 53. Bb6 b4 54. Bd8+ Kf7 55. Nc6 Rf1 56. Be7 Rf2+ 57. Kb3 Bc3 58. Bxd6 Rb2+ 59. Kc4 Ke8 60. Bxe5 Bxe5 61. Nxe5 b3 62. Nd3 Rb1 63. Kc3 Ke7 64. e5 Kd7 65. Nxf4 b2 66. Nd3 1-0

[Event "Paulista-ch"]
[Site "Sao Paulo"]
[Date "2018.11.11"]
[Round "6"]
[White "Rocha, Anderson Rosendo"]
[Black "Pessoa Sob, Caetano Estelita C"]
[Result "1-0"]
[WhiteElo "1584"]
[BlackElo "1107"]
[PlyCount "47"]
[EventDate "2018.11.09"]
[EventType "swiss"]
[EventRounds "6"]
[EventCountry "BRA"]
[SourceTitle "CBM 187 Extra"]
[Source "ChessBase"]
[SourceDate "2018.11.04"]
[SourceVersion "1"]
[SourceVersionDate "2018.11.04"]
[SourceQuality "1"]

1. e4 c5 2. d3 Nc6 3. Nf3 Nf6 4. g3 d6 5. Bg2 h6 6. 0-0 e5 7. Re1 Be7 8. Nc3 Be6 9. Ne2 Nd7 10. h3 b5 11. g4 Rc8 12. Ng3 g6 13. c3 Bf6 14. Be3 Bg7 15. Qd2 a5 16. b3 0-0 17. Bxh6 b4 18. c4 f6 19. g5 f5 20. exf5 Bxf5 21. Nxf5 Rxf5 22. Nh4 Bxh6 23. Nxf5 Qxg5 24. Nxh6+ 1-0

[Event "Paulista-ch"]
[Site "Sao Paulo"]
[Date "2018.11.10"]
[Round "4"]
[White "Haraguchi, Diego Sashaki"]
[Black "Pessoa Sob, Caetano Estelita C"]
[Result "1-0"]
[WhiteElo "1371"]
[BlackElo "1107"]
[PlyCount "91"]
[EventDate "2018.11.09"]
[EventType "swiss"]
[EventRounds "6"]
[EventCountry "BRA"]
[SourceTitle "CBM 187 Extra"]
[Source "ChessBase"]
[SourceDate "2018.11.04"]
[SourceVersion "1"]
[SourceVersionDate "2018.11.04"]
[SourceQuality "1"]

1. d4 Nf6 2. c4 e6 3. Nc3 d5 4. Bg5 Be7 5. cxd5 exd5 6. Qc2 0-0 7. e3 Nbd7 8. Bd3 c5 9. dxc5 Nxc5 10. Be2 Nfe4 11. Bf4 Bd6 12. Bxd6 Qxd6 13. Rd1 Nxc3 14. bxc3 Be6 15. Nf3 Rac8 16. 0-0 h6 17. h3 Qc7 18. Rc1 Qb8 19. Nd4 a6 20. Rb1 Ne4 21. c4 Bxh3 22. gxh3 Qd6 23. Bf3 Rxc4 24. Qb2 b5 25. Kh1 f5 26. Rg1 f4 27. Bxe4 dxe4 28. Nxb5 Qf6 29. Qxf6 Rxf6 30. Nd4 fxe3 31. fxe3 Rc3 32. Rg3 Rd6 33. Nf5 Rd7 34. Nxh6+ Kh7 35. Nf5 Rf7 36. Nd4 Rfc7 37. Rbg1 Rc1 38. Rxg7+ Rxg7 39. Rxc1 Rg3 40. Rc7+ Kg6 41. Rg7+ Kxg7 42. Nf5+ Kg6 43. Nxg3 Kg5 44. Nxe4+ Kf5 45. Nc5 Ke5 46. Nxa6 1-0

[Event "Paulista-ch"]
[Site "Sao Paulo"]
[Date "2018.11.10"]
[Round "3"]
[White "Pessoa Sob, Caetano Estelita C"]
[Black "Blanco, Paulo Renato"]
[Result "1-0"]
[WhiteElo "1107"]
[BlackElo "1481"]
[PlyCount "71"]
[EventDate "2018.11.09"]
[EventType "swiss"]
[EventRounds "6"]
[EventCountry "BRA"]
[SourceTitle "CBM 187 Extra"]
[Source "ChessBase"]
[SourceDate "2018.11.04"]
[SourceVersion "1"]
[SourceVersionDate "2018.11.04"]
[SourceQuality "1"]

1. d4 d5 2. c4 c6 3. e3 e6 4. Nf3 Nf6 5. Bd3 Be7 6. 0-0 0-0 7. Nbd2 Nbd7 8. e4 Nb6 9. c5 Nbd7 10. b4 dxe4 11. Bxe4 Ne8 12. Nc4 Ndf6 13. Re1 Nxe4 14. Rxe4 b5 15. Nce5 Bb7 16. Qb3 a5 17. a4 Nc7 18. Bb2 Nd5 19. axb5 Nxb4 20. b6 Nd5 21. Nc4 Nf6 22. Ree1 a4 23. Rxa4 Rxa4 24. Qxa4 Qb8 25. g3 Rd8 26. Na5 Qa8 27. Ra1 Qa6 28. Nxc6 Qe2 29. Nxe7+ Kh8 30. c6 Ng4 31. Rf1 Ba6 32. Qa1 Bd3 33. Ne5 Nxe5 34. dxe5 Bc2 35. c7 Rc8 36. b7 1-0

[Event "Paulista-ch"]
[Site "Sao Paulo"]
[Date "2018.11.09"]
[Round "1"]
[White "Parreira, Teodora Ribeiro"]
[Black "Pessoa Sob, Caetano Estelita C"]
[Result "1-0"]
[WhiteElo "1602"]
[BlackElo "1107"]
[PlyCount "75"]
[EventDate "2018.11.09"]
[EventType "swiss"]
[EventRounds "6"]
[EventCountry "BRA"]
[SourceTitle "CBM 187 Extra"]
[Source "ChessBase"]
[SourceDate "2018.11.04"]
[SourceVersion "1"]
[SourceVersionDate "2018.11.04"]
[SourceQuality "1"]

1. e4 c5 2. Nf3 d6 3. d4 cxd4 4. Nxd4 Nf6 5. Nc3 a6 6. f3 e5 7. Nb3 Be7 8. Be3 Bd7 9. Qd2 b5 10. a3 Bc6 11. 0-0-0 0-0 12. g4 Nfd7 13. Nd5 Bxd5 14. Qxd5 Bg5 15. Bxg5 Qxg5+ 16. Kb1 Ra7 17. Qxd6 Qf6 18. Qxf6 Nxf6 19. Nc5 Nfd7 20. Nxd7 Rxd7 21. Rxd7 Nxd7 22. Bh3 g5 23. Rd1 Nb8 24. Bf1 Nc6 25. c3 Rd8 26. Rxd8+ Nxd8 27. a4 b4 28. cxb4 Nc6 29. Bxa6 Nxb4 30. Bb5 Kf8 31. a5 Ke7 32. a6 Nxa6 33. Bxa6 Kd6 34. Kc2 Kc5 35. Kc3 Kb6 36. Bc4 Ka5 37. Bxf7 h6 38. Kc4 1-0

[Event "Paulista-ch"]
[Site "Sao Paulo"]
[Date "2018.11.09"]
[Round "2"]
[White "Pessoa Sob, Caetano Estelita C"]
[Black "Albertini, Caetano"]
[Result "0-1"]
[WhiteElo "1107"]
[BlackElo "1544"]
[PlyCount "78"]
[EventDate "2018.11.09"]
[EventType "swiss"]
[EventRounds "6"]
[EventCountry "BRA"]
[SourceTitle "CBM 187 Extra"]
[Source "ChessBase"]
[SourceDate "2018.11.04"]
[SourceVersion "1"]
[SourceVersionDate "2018.11.04"]
[SourceQuality "1"]

1. d4 Nf6 2. c4 g6 3. Nc3 Bg7 4. e4 d6 5. f3 0-0 6. Nge2 Nbd7 7. Be3 c6 8. Ng3 e5 9. Be2 a5 10. d5 cxd5 11. exd5 Nc5 12. 0-0 Ne8 13. b3 f5 14. Bxc5 dxc5 15. Nh1 Nd6 16. Rc1 Bd7 17. a4 Qe7 18. Nf2 Rae8 19. Qd3 e4 20. fxe4 fxe4 21. Ncxe4 Nxe4 22. Nxe4 Qxe4 23. Rxf8+ Kxf8 24. Qxe4 Rxe4 25. Rf1+ Ke7 26. Bf3 Bd4+ 27. Kh1 Re3 28. Rb1 Bf5 29. d6+ Kxd6 30. Rf1 Rxb3 31. g4 Rxf3 32. Rxf3 Be4 33. Kg2 Ke5 34. h4 h5 35. Kg3 Bxf3 36. Kxf3 b6 37. gxh5 gxh5 38. Ke2 Ke4 39. Kd2 Bf6 0-1

[Event "Sao Paulo Karman Cup"]
[Site "Sao Paulo"]
[Date "2018.08.12"]
[Round "5"]
[White "De Sousa, Rafaela Oliveira"]
[Black "Pessoa Sob, Caetano Estelita C"]
[Result "1-0"]
[WhiteElo "1128"]
[BlackElo "1132"]
[PlyCount "103"]
[EventDate "2018.08.10"]
[EventType "swiss"]
[EventRounds "6"]
[EventCountry "BRA"]
[SourceTitle "CBM 186 Extra"]
[Source "ChessBase"]
[SourceDate "2018.08.24"]
[SourceVersion "1"]
[SourceVersionDate "2018.08.24"]
[SourceQuality "1"]

1. e4 c5 2. Nf3 d6 3. d4 cxd4 4. Nxd4 Nf6 5. Nc3 a6 6. Bd3 e6 7. 0-0 Be7 8. b4 Nc6 9. Nxc6 bxc6 10. Bb2 0-0 11. a4 Bb7 12. b5 axb5 13. axb5 cxb5 14. Rxa8 Qxa8 15. Qa1 Qxa1 16. Rxa1 b4 17. Ne2 Bxe4 18. Bxe4 Nxe4 19. Ra4 d5 20. c3 bxc3 21. Bxc3 Bc5 22. Bd4 Rb8 23. Ra1 Rb2 24. Ra8+ Bf8 25. Bxb2 Nc5 26. Bxg7 Kxg7 27. Nf4 Be7 28. Ra7 Bd6 29. g3 Bxf4 30. gxf4 Ne4 31. Kg2 Nd6 32. Kg3 Nf5+ 33. Kf3 h5 34. Ra1 Nd4+ 35. Kg3 Ne2+ 36. Kh4 Nxf4 37. Rg1+ Ng6+ 38. Kxh5 e5 39. Kg4 Kf6 40. h4 Ke6 41. h5 f5+ 42. Kh3 Nf4+ 43. Kh4 e4 44. h6 Kf6 45. h7 Ng6+ 46. Rxg6+ Kxg6 47. h8Q Kf7 48. Qh5+ Ke6 49. Qh6+ Ke5 50. Kg3 d4 51. Qf4+ Ke6 52. f3 1-0

[Event "Sao Paulo Karman Cup"]
[Site "Sao Paulo"]
[Date "2018.08.11"]
[Round "4"]
[White "Pessoa Sob, Caetano Estelita C"]
[Black "Da Rosa, Henrique Jaze Simoe"]
[Result "0-1"]
[WhiteElo "1132"]
[BlackElo "1569"]
[PlyCount "40"]
[EventDate "2018.08.10"]
[EventType "swiss"]
[EventRounds "6"]
[EventCountry "BRA"]
[SourceTitle "CBM 186 Extra"]
[Source "ChessBase"]
[SourceDate "2018.08.24"]
[SourceVersion "1"]
[SourceVersionDate "2018.08.24"]
[SourceQuality "1"]

1. d4 d5 2. c4 c6 3. e3 Nf6 4. Nc3 e6 5. Nf3 Bd6 6. Be2 Nbd7 7. e4 dxe4 8. Ng5 Bb4 9. Bd2 Bxc3 10. Bxc3 h6 11. Nh3 Qe7 12. Nf4 b6 13. 0-0 0-0 14. Qd2 Bb7 15. Rad1 Rfd8 16. d5 cxd5 17. cxd5 exd5 18. b3 Rac8 19. Rc1 Ne5 20. Qe3 Qd6 0-1

[Event "Sao Paulo Karman Cup"]
[Site "Sao Paulo"]
[Date "2018.08.10"]
[Round "1"]
[White "Haraguchi, Matheus Sashaki"]
[Black "Pessoa Sob, Caetano Estelita C"]
[Result "1-0"]
[WhiteElo "1570"]
[BlackElo "1132"]
[PlyCount "43"]
[EventDate "2018.08.10"]
[EventType "swiss"]
[EventRounds "6"]
[EventCountry "BRA"]
[SourceTitle "CBM 186 Extra"]
[Source "ChessBase"]
[SourceDate "2018.08.24"]
[SourceVersion "1"]
[SourceVersionDate "2018.08.24"]
[SourceQuality "1"]

1. c4 Nf6 2. Nc3 e6 3. Nf3 d5 4. cxd5 exd5 5. d4 Be7 6. g3 0-0 7. Bg2 Bg4 8. 0-0 c6 9. Ne5 Bh5 10. Nf3 Nbd7 11. Bf4 Rc8 12. Qb3 Qb6 13. Qxb6 axb6 14. Ne5 Bb4 15. Bh3 Bxc3 16. bxc3 Bxe2 17. Nxd7 Bxf1 18. Nxf6+ gxf6 19. Rxf1 Ra8 20. Rb1 Ra6 21. Bf1 Rfa8 22. Bxa6 1-0

[Event "Sao Paulo Karman Cup"]
[Site "Sao Paulo"]
[Date "2018.08.10"]
[Round "2"]
[White "Pessoa Sob, Caetano Estelita C"]
[Black "Dutra, Liliam Guedes"]
[Result "0-1"]
[WhiteElo "1132"]
[BlackElo "1518"]
[PlyCount "74"]
[EventDate "2018.08.10"]
[EventType "swiss"]
[EventRounds "6"]
[EventCountry "BRA"]
[SourceTitle "CBM 186 Extra"]
[Source "ChessBase"]
[SourceDate "2018.08.24"]
[SourceVersion "1"]
[SourceVersionDate "2018.08.24"]
[SourceQuality "1"]

1. d4 d5 2. c4 e6 3. e3 Nf6 4. Nc3 Be7 5. Nf3 0-0 6. b3 c6 7. Bd3 Re8 8. Bb2 Nbd7 9. Qc2 Nf8 10. 0-0 Qc7 11. Ne5 Bd6 12. f4 N6d7 13. Rf3 Nf6 14. Rh3 Be7 15. g4 g6 16. g5 N6d7 17. Ng4 e5 18. dxe5 Nxe5 19. Nxe5 Bxh3 20. Ne2 Be6 21. Nd4 Bc5 22. Rf1 a5 23. Kg2 dxc4 24. bxc4 Qc8 25. h4 Bxd4 26. Bxd4 Bh3+ 27. Kh2 Bxf1 28. Bxf1 Ne6 29. h5 Nxd4 30. exd4 Rxe5 31. dxe5 Qg4 32. hxg6 Qxf4+ 33. Kh1 Qxf1+ 34. Kh2 Qf4+ 35. Kh1 Qh4+ 36. Qh2 Qxh2+ 37. Kxh2 hxg6 0-1